|
|
|
|
| LEADER |
00000nam a22000007a 4500 |
| 005 |
20210617214057.0 |
| 007 |
cr|||| |||| |
| 008 |
210617s2010 co |||||s|||| 00||0 spa d |
| 020 |
|
|
|a 978-958-867-521-3
|
| 035 |
|
|
|a 33460
|
| 040 |
|
|
|a vLex
|
| 090 |
|
|
|c 11803
|d 11803
|
| 100 |
1 |
|
|a Castaęda Quintero, Linda
|
| 245 |
1 |
0 |
|a Aprendizaje con redes sociales
|h [Recurso electrn̤ico] :
|b Tejidos educativos para los nuevos entornos /
|c Linda Castaęda Quintero
|
| 256 |
|
|
|a Servicio en ln̕ea
|
| 260 |
|
|
|a Bogot:̀
|b Ediciones de la U,
|c 2010
|
| 300 |
|
|
|a 1 recurso electrn̤ico
|
| 500 |
|
|
|a Tener un milln̤ de amigos, conseguir conectarnos sl̤o con seis golpes de ratn̤ con cualquier persona alrededor del mundo, encontrar formas de construir conocimiento con otros que son relevantes para nosotros en la inmensa maraą de informacin̤ en que se ha convertido la web? Las redes sociales son un fenm̤eno apasionante y, gracias precisamente a que no sl̤o hablamos de tecnologa̕, con una perspectiva extraordinaria. Colaboracin̤ con otras personas a travš de redes telemt̀icas para aprender ms̀ y mejor. En la presente obra pretendemos hacer una aproximacin̤ desde la prc̀tica al fenm̤eno de las redes sociales.
|
| 506 |
1 |
|
|a Disponible solo en los productos indicados
|d vLex Global
|d vLex Global (Academic Edition, excluding Law Schools)
|d vLex Global (U.S. Academic Edition, Law Schools)
|d vLex Global (U.S. Academic Edition, excluding Law Schools)
|d vLex Global (Academic Edition, Law Schools)
|
| 650 |
0 |
4 |
|a Educacin̤
|z Colombia
|
| 740 |
0 |
|
|a vLex Libros (Servicio en ln̕ea)
|
| 856 |
4 |
0 |
|u https://vlex.com/source/aprendizaje-con-redes-sociales-tejidos-educativos-para-los-nuevos-entornos-33460
|z Acceso restringido
|
| 942 |
|
|
|c BOOK
|
| 999 |
0 |
|
|a Education
|